000
00422nam a2200169Ia 4500
008
090711s9999 xx 000 0 und d
082
_b
61966
100
_a
शेळके उद्धव ज.
245
_a
धग
260
_c
1983
300
_a
250
600
_a
शेळके उद्धव ज.
630
_a
धग
700
_a
शेळके उद्धव ज.
730
_a
धग
942
_c
BOOK
999
_c
294820
_d
294820